Informe anual sobre derechos humanos en Chile 2011

Saved in:
Bibliografiske detaljer
Hovedforfatter: Contesse Singh, Jorge (Author)
Format: Bog
Sprog:spansk
Udgivet: Santiago Universidad Diego Portales 2011
Udgivelse:1a. ed
Fag:
Tags: Tilføj Tag
Ingen Tags, Vær først til at tagge denne postø!

MARC

LEADER 00000cam a2200000 a 4500
001 UCG8980
003 CL-VaPUC
008 120120e20110000CL |||||||||||||||||spa|d
020 |a 9789563141429 
082 0 4 |a 323.983  |b CON  |2 21 
100 0 |a Contesse Singh, Jorge  |e author  |9 560300 
245 1 0 |a Informe anual sobre derechos humanos en Chile 2011 
250 |a 1a. ed 
300 |a 283 p 
942 |c BK 
945 |d 20120120 00:00:00  |a cmena 
260 |a Santiago  |b Universidad Diego Portales  |c 2011 
650 0 |a Derechos humanos  |9 223025 
650 0 |a Libertad de expresión   |9 329993 
650 7 |a DERECHO PENAL  |2 CL-VaPUC  |9 11 
650 0 |a Pueblos indígenas   |9 357564 
650 0 |a Diversidad sexual  |9 560301 
650 7 |a DERECHO LABORAL  |2 CL-VaPUC  |9 15 
650 7 |a JUSTICIA MILITAR  |2 CL-VaPUC  |9 560302 
650 0 |a Derecho ambiental   |9 257835 
583 |a last modification  |c 20120120 10:38:00  |k Rodrigo Vera 
999 |c 346565  |d 346563 
952 |0 0  |1 0  |4 0  |6 323_983000000000000_CON_2011  |7 0  |8 A  |9 447307  |a BIBDER  |b BIBDER  |d 2019-11-22  |i 4833821  |o 323.983 CON 2011  |p 4833821  |r 2023-01-25  |w 2019-11-22  |y BK  |k DER